000 01065nam a22002417a 4500
999 _c8638
_d8638
003 AR-CdUCM
008 190325b ||||| |||| 00| 0 spa d
040 _aMUNICIPALIDAD PROVINCIAL DEL CUSCO
_cBIBLIOTECA MUNICIPAL DEL CUSCO
082 _a309.185 /
_bK59
100 _aKlarén, Peter
_924157
245 _aLa formación de las haciendas azucareras y los orígenes del APRA /
260 _aLima :
_bMoncloa - campodonico,
_c1970.
300 _a214 páginas ;
_c19.5 cm.
440 _aPerú problema.
_n5
_924158
505 _aLa modernización de la industria azucarera y la concentración de la tierra en el valle de Chicama -- El surgimiento del proletariado rural -- El enfrentamiento entre la hacienda y el pequeño agricultor -- La decadencia urbana y la crisis comercial de la década del 20 ...
650 _aPartido Aprista Peruano
_93316
650 _aHaciendas azucareras
_924159
650 _aIndustria azucarera
_924160
700 _aMatos Mar, José
_94659
710 _aInstituto de Estudios Peruanos
_936
942 _2ddc
_cLIBROS
945 _aacv